[Event "Campeonato Brasileiro Amador 2015"]
[Site "Esporte Clube Pinheiros, São "]
[Date "2015.05.01"]
[Round "3.40"]
[White "Gomez, Gustavo Pizzocaro"]
[Black "Alves Da Silva, Jadson Paulino"]
[Result "1-0"]
[WhiteElo "2135"]
[BlackElo "1742"]
[PlyCount "133"]
[EventDate "2015.04.30"]

1. d4 Nf6 2. c4 e6 3. Nc3 d5 4. e3 Be7 5. Bd3 Nbd7 6. Nf3 c6 7. a4 a5 8. O-O
O-O 9. b3 Re8 10. Bb2 Bf8 11. Re1 g6 12. e4 dxe4 13. Nxe4 Nxe4 14. Bxe4 Bg7 15.
Ne5 Nf6 16. Qf3 Qc7 17. Bc2 Bd7 18. Ba3 b5 19. Bc5 Rec8 20. Bd3 bxc4 21. Nxc4
Nd5 22. Nd6 Rf8 23. Ne4 Rfe8 24. Bc4 Qf4 25. Qd3 Bf8 26. Bxf8 Rxf8 27. Nc5 Bc8
28. Re4 Qf5 29. Qd2 Qf6 30. Rae1 Kg7 31. g3 Ra7 32. Rh4 Rh8 33. Qh6+ Kg8 34.
Bxd5 cxd5 35. Rf4 Qd8 36. h4 Qf8 37. Qg5 h6 38. Qe5 Qe7 39. h5 g5 40. Rf3 Rh7
41. Rc1 Rc7 42. Qe1 Ra7 43. Ne4 dxe4 44. Rxc8+ Kg7 45. Qxe4 Rh8 46. Rxh8 Kxh8
47. Qe5+ Kh7 48. Rc3 Qb7 49. Qc5 Kg7 50. Qe5+ Kh7 51. Rc5 Qa6 52. Qe4+ Kg7 53.
d5 exd5 54. Rxd5 Qf6 55. Kg2 Ra6 56. Qd3 Qc6 57. Qd4+ Qf6 58. Qxf6+ Kxf6 59.
Rb5 Ke6 60. g4 Kd6 61. Kf3 f6 62. Ke4 Ke6 63. f4 Kf7 64. Kf5 Kg7 65. Rb7+ Kg8
66. Kg6 Ra8 67. f5 1-0

[Event "Campeonato Brasileiro Amador 2015"]
[Site "Esporte Clube Pinheiros, São P"]
[Date "2015.05.01"]
[Round "3.41"]
[White "Souza, Kim Garcia De"]
[Black "Bruce, Shannon Hill"]
[Result "0-1"]
[WhiteElo "1764"]
[BlackElo "2111"]
[PlyCount "60"]
[EventDate "2015.04.30"]

1. b4 a5 2. b5 Nf6 3. Bb2 g6 4. a4 Bg7 5. Nf3 d6 6. e3 Nbd7 7. Be2 e5 8. d3 O-O
9. O-O Re8 10. Nbd2 Nd5 11. Rb1 Nc5 12. c4 Nb6 13. d4 Ncxa4 14. Ba1 exd4 15.
exd4 Bf5 16. Rc1 Nd7 17. g3 Nab6 18. Nh4 Bh3 19. Re1 Nf6 20. Bf3 Rxe1+ 21. Qxe1
d5 22. c5 Nbd7 23. Bc3 b6 24. c6 Nf8 25. Bd1 Qd6 26. Ndf3 Re8 27. Qd2 Ne4 28.
Qd3 Qa3 29. Qe3 Nd6 30. Qd3 Qxc1 0-1

[Event "Campeonato Brasileiro Amador 2015"]
[Site "Esporte Clube Pinheiros, São P"]
[Date "2015.05.01"]
[Round "3.42"]
[White "Van Riemsdijk, Dirk D"]
[Black "Frois, Vitor Amorim"]
[Result "1/2-1/2"]
[WhiteElo "2048"]
[BlackElo "1735"]
[PlyCount "46"]
[EventDate "2015.04.30"]

1. e4 c5 2. Nf3 d6 3. d4 cxd4 4. Nxd4 Nf6 5. f3 e5 6. Bb5+ Nbd7 7. Nf5 d5 8.
exd5 a6 9. Bxd7+ Qxd7 10. Ne3 b5 11. a4 Bb7 12. O-O Bc5 13. Kh1 O-O 14. Nc3
Bxe3 15. Bxe3 Nxd5 16. Nxd5 Bxd5 17. axb5 axb5 18. Rxa8 Rxa8 19. Qd2 Be6 20.
Qxd7 Bxd7 21. Kg1 Kf8 22. Bc5+ Kg8 23. Rd1 Be6 1/2-1/2

[Event "Campeonato Brasileiro Amador 2015"]
[Site "Esporte Clube Pinheiros, São P"]
[Date "2015.05.01"]
[Round "3.43"]
[White "Queiroz, Stella Becker"]
[Black "Nunes Jr, Sidney"]
[Result "0-1"]
[WhiteElo "1728"]
[BlackElo "2044"]
[PlyCount "60"]
[EventDate "2015.04.30"]

1. e4 e5 2. Nf3 Nc6 3. Bb5 a6 4. Ba4 Nf6 5. O-O Be7 6. Re1 b5 7. Bb3 O-O 8. c3
d6 9. h3 Na5 10. Bc2 c5 11. d4 cxd4 12. cxd4 Qc7 13. Nbd2 Bd7 14. Nf1 Rac8 15.
Ne3 Be6 16. d5 Bd7 17. Bd2 Nc4 18. Nxc4 Qxc4 19. Bb3 Qc7 20. Rc1 Qb8 21. Qe2 h6
22. Rxc8 Rxc8 23. Rc1 Bd8 24. Ne1 Bb6 25. Nd3 a5 26. Bc2 Rc4 27. Ne1 Qc8 28. b3
Rc7 29. Nd3 Rxc2 30. Rxc2 Qxc2 0-1

[Event "Campeonato Brasileiro Amador 2015"]
[Site "Esporte Clube Pinheiros, São P"]
[Date "2015.05.01"]
[Round "3.44"]
[White "Nikolic, Jovane"]
[Black "Pimentel, Rafael Favarin G"]
[Result "1/2-1/2"]
[WhiteElo "1728"]
[BlackElo "1992"]
[PlyCount "64"]
[EventDate "2015.04.30"]

1. e4 c6 2. d4 d5 3. Nd2 dxe4 4. Nxe4 Bf5 5. Ng3 Bg6 6. N1e2 e6 7. Nf4 Bd6 8.
Nxg6 hxg6 9. c3 Nf6 10. Qf3 Nbd7 11. Bd3 Qc7 12. h3 e5 13. Be3 O-O-O 14. O-O-O
Kb8 15. Kb1 exd4 16. Bxd4 Ne5 17. Bxe5 Bxe5 18. Bc4 a5 19. Ne4 Nxe4 20. Qxe4 f5
21. Qe3 Bf6 22. Rhe1 Rxd1+ 23. Rxd1 Rd8 24. Rxd8+ Qxd8 25. Qd3 Qb6 26. Qe3 Qxe3
27. fxe3 Kc7 28. Bf7 g5 29. Bg6 f4 30. exf4 gxf4 31. Kc2 Kd6 32. Be4 b5 1/2-1/2

[Event "Campeonato Brasileiro Amador 2015"]
[Site "Esporte Clube Pinheiros, São P"]
[Date "2015.05.01"]
[Round "3.45"]
[White "Buarque, Hugo Leonardo De Bri"]
[Black "Fernandes, Jose Francisco"]
[Result "0-1"]
[WhiteElo "1992"]
[BlackElo "1694"]
[PlyCount "84"]
[EventDate "2015.04.30"]

1. c4 Nf6 2. g3 c6 3. Bg2 d5 4. cxd5 cxd5 5. Nf3 Nc6 6. d3 e5 7. O-O Bd6 8. Nc3
h6 9. a3 a6 10. b4 Be6 11. Bb2 Rc8 12. Nd2 Qd7 13. Re1 h5 14. Nf3 Bh3 15. e4 d4
16. Nd5 Nxd5 17. exd5 Ne7 18. Nxe5 Bxe5 19. Rxe5 Bxg2 20. Kxg2 h4 21. Qf3 hxg3
22. Qxg3 Rh6 23. Rae1 Rg6 24. Rg5 Kf8 25. Ree5 Rd6 26. Qf3 Kg8 27. Qe4 Ng6 28.
Ref5 Ne7 29. Rf4 Nxd5 30. Rh4 Nf6 31. Qf3 Rcc6 32. Qg3 g6 33. Qf4 Nd5 34. Qxd4
Nf6 35. Qf4 Kg7 36. Rc5 Kf8 37. Rh8+ Ke7 38. Rd5 Nxd5 39. Qd4 Qf5 40. Qg7 Rd8
41. Rh4 Qg5+ 42. Kf1 Qxh4 0-1

[Event "Campeonato Brasileiro Amador 2015"]
[Site "Esporte Clube Pinheiros, São P"]
[Date "2015.05.01"]
[Round "3.46"]
[White "Jesus, Mariana De"]
[Black "Cordioli, Jairo Ribeiro"]
[Result "0-1"]
[WhiteElo "1727"]
[BlackElo "1945"]
[PlyCount "74"]
[EventDate "2015.04.30"]

1. e4 c5 2. Nf3 d6 3. d4 cxd4 4. Nxd4 Nf6 5. Nc3 a6 6. Be2 e5 7. Nf3 h6 8. O-O
Be6 9. h3 Nbd7 10. Be3 Be7 11. Nd2 d5 12. exd5 Nxd5 13. Nxd5 Bxd5 14. Bf3 Nf6
15. Bxd5 Nxd5 16. Qf3 O-O 17. c3 Nxe3 18. Qxe3 Bg5 19. Qxe5 Qxd2 20. Rab1 Qf4
21. Qd5 Rab8 22. g3 Qc7 23. f4 Be7 24. Rfe1 Qc5+ 25. Qxc5 Bxc5+ 26. Kg2 Rfe8
27. Kf3 f5 28. Re5 Rxe5 29. fxe5 Kf7 30. Rd1 Ke6 31. c4 Be7 32. Re1 Rd8 33. Re2
Rd3+ 34. Kg2 Bg5 35. h4 Rd2 36. Kf3 Rxe2 37. Kxe2 Bc1 0-1

[Event "Campeonato Brasileiro Amador 2015"]
[Site "Esporte Clube Pinheiros, São P"]
[Date "2015.05.01"]
[Round "3.47"]
[White "Ikeda, Vinicius Yasuto"]
[Black "Bail, Ellen Larissa"]
[Result "1-0"]
[WhiteElo "1944"]
[BlackElo "1644"]
[PlyCount "69"]
[EventDate "2015.04.30"]

1. d4 d5 2. c4 e6 3. Nc3 Nf6 4. e3 c6 5. Nf3 Nbd7 6. Bd3 dxc4 7. Bxc4 b5 8. Bd3
a6 9. Qc2 c5 10. Ne4 c4 11. Nxf6+ Nxf6 12. Be2 Bb7 13. a4 Be4 14. Qd1 Be7 15.
O-O Qd5 16. Ne1 O-O 17. f3 Bg6 18. e4 Qd7 19. Be3 Rac8 20. axb5 axb5 21. g4 Ne8
22. Ng2 h6 23. Qc1 Qd8 24. Nf4 Bh7 25. Rd1 g5 26. Nh5 f5 27. d5 fxg4 28. dxe6
Qc7 29. Ra7 Qc6 30. Rxe7 gxf3 31. Bxf3 Bg6 32. Qc3 Rc7 33. Rdd7 Rxd7 34. exd7
Nf6 35. Nxf6+ 1-0

[Event "Campeonato Brasileiro Amador 2015"]
[Site "Esporte Clube Pinheiros, São P"]
[Date "2015.05.01"]
[Round "3.48"]
[White "Schucman, Rebeca Lot"]
[Black "Lisboa Torres, Eduardo"]
[Result "0-1"]
[WhiteElo "1708"]
[BlackElo "1941"]
[PlyCount "108"]
[EventDate "2015.04.30"]

1. d4 Nf6 2. c4 e5 3. dxe5 Ng4 4. Nf3 Bc5 5. e3 Nc6 6. Nc3 Ngxe5 7. Be2 O-O 8.
O-O Nxf3+ 9. Bxf3 Ne5 10. Be2 Re8 11. b3 a5 12. Bb2 Ra6 13. Ne4 Ba7 14. Qd5 Qe7
15. Rfd1 Re6 16. Qxa5 Bb6 17. Qc3 Qh4 18. Ng3 Rh6 19. Nf1 d6 20. f4 Qxf4 21. c5
Bxc5 22. Qxc5 Qg5 23. Qxc7 Rg6 24. g3 Bh3 25. Bd4 Qf5 26. Bxe5 Qe4 27. Bf3 Qxf3
28. Rd2 dxe5 29. Qxe5 Rge6 30. Qf4 Qc6 31. Rad1 Rf6 32. Qc4 Qf3 33. Qe2 Qxe2
34. Rxe2 Bg4 35. Red2 Bxd1 36. Rxd1 Rc8 37. Rd7 h6 38. Nd2 Rc1+ 39. Kg2 Rc2 40.
a4 b6 41. Kg1 Rcc6 42. Nc4 Kh7 43. e4 Rf3 44. Ne5 Rc1+ 45. Kg2 Rxb3 46. Rxf7
Re1 47. Rf4 Re2+ 48. Kh3 Rbb2 49. Nf3 Rb4 50. e5 Ree4 51. e6 Rxf4 52. gxf4 Rxf4
53. Nd2 Kg6 54. Kg3 Rxa4 0-1

[Event "Campeonato Brasileiro Amador 2015"]
[Site "Esporte Clube Pinheiros, São P"]
[Date "2015.05.01"]
[Round "3.49"]
[White "Leite, Tarcisio Dantas Frot"]
[Black "Ribeiro, Jose Joselito"]
[Result "0-1"]
[WhiteElo "1686"]
[BlackElo "1928"]
[PlyCount "80"]
[EventDate "2015.04.30"]

1. e4 c5 2. Nf3 Nc6 3. d4 cxd4 4. Nxd4 g6 5. Be3 Bg7 6. Be2 d6 7. Nc3 Nf6 8.
Qd2 Ng4 9. Bxg4 Bxg4 10. f3 Bd7 11. O-O-O Rc8 12. Kb1 Ne5 13. Bh6 Nc4 14. Qc1
O-O 15. Bxg7 Kxg7 16. Nd5 e6 17. Ne3 Qb6 18. Nxc4 Rxc4 19. Nb3 Rfc8 20. Rd2 a5
21. Qg1 Qc7 22. Qf2 a4 23. Nc1 e5 24. g4 Be6 25. h4 Rb4 26. Rd3 Rc4 27. Rh2 b5
28. g5 b4 29. Qd2 Rc6 30. Qd1 Bc4 31. Re3 Qb6 32. Qd2 a3 33. b3 Be6 34. Qe1 Qd4
35. Nd3 Rc3 36. Qc1 Bxb3 37. axb3 a2+ 38. Kxa2 Ra8+ 39. Kb1 Rxd3 40. cxd3 Ra1+
0-1

[Event "Campeonato Brasileiro Amador 2015"]
[Site "Esporte Clube Pinheiros, São P"]
[Date "2015.05.01"]
[Round "3.50"]
[White "Gomes Silverio, Taua"]
[Black "Duailibe, Ricardo Miguel"]
[Result "0-1"]
[WhiteElo "1677"]
[BlackElo "1922"]
[PlyCount "40"]
[EventDate "2015.04.30"]

1. e4 d6 2. d4 Nf6 3. Nc3 g6 4. Be3 Bg7 5. Qd2 O-O 6. Bh6 Bxh6 7. Qxh6 c5 8. d5
b5 9. Bxb5 Qb6 10. O-O-O Ba6 11. Ba4 Nbd7 12. Bxd7 Nxd7 13. Nf3 Rab8 14. Ng5
Qxb2+ 15. Kd2 Nf6 16. Rb1 Qa3 17. f4 Rb4 18. Rb3 Rd4+ 19. Ke1 Qc1+ 20. Kf2
Qxf4+ 0-1

[Event "Campeonato Brasileiro Amador 2015"]
[Site "Esporte Clube Pinheiros, São P"]
[Date "2015.05.01"]
[Round "3.51"]
[White "Borges, Fernando"]
[Black "Silvestre, Gilmar Severino"]
[Result "0-1"]
[WhiteElo "1916"]
[BlackElo "1635"]
[PlyCount "78"]
[EventDate "2015.04.30"]

1. e4 c5 2. Nf3 Nc6 3. g3 d6 4. Bg2 Nf6 5. d3 g6 6. c3 Bg7 7. Nbd2 O-O 8. O-O
b5 9. Re1 Rb8 10. a3 a5 11. Nf1 a4 12. Qe2 Nd7 13. Nh4 Nde5 14. h3 c4 15. d4
Nd3 16. Rd1 e5 17. d5 Na5 18. Nd2 f5 19. Rf1 Rb7 20. Nhf3 Rbf7 21. Ne1 fxe4 22.
Nxd3 exd3 23. Qe1 Bh6 24. Rb1 Bf5 25. g4 Bc8 26. Ne4 Bxc1 27. Rxc1 Nb3 28. Rd1
Qe7 29. Qe3 Nc5 30. Nd2 Rf4 31. Rde1 Bb7 32. Qg3 Qf7 33. Ne4 Nxe4 34. Bxe4 Bxd5
35. Bxd5 Qxd5 36. Qe3 Rf3 37. Qe4 Qxe4 38. Rxe4 Rxh3 39. Kg2 Rhf3 0-1

[Event "Campeonato Brasileiro Amador 2015"]
[Site "Esporte Clube Pinheiros, São P"]
[Date "2015.05.01"]
[Round "3.52"]
[White "De Borba, Gabriel"]
[Black "Medeiros, Thauane Ferreira"]
[Result "0-1"]
[WhiteElo "1637"]
[BlackElo "1911"]
[PlyCount "52"]
[EventDate "2015.04.30"]

1. e4 c5 2. Nf3 Nc6 3. d4 cxd4 4. Nxd4 g6 5. Nc3 Bg7 6. Be3 Nf6 7. f3 O-O 8.
Qd2 d5 9. exd5 Nxd5 10. Nxd5 Qxd5 11. Nxc6 Qxc6 12. O-O-O Be6 13. Kb1 Qa4 14.
a3 Rac8 15. Bd3 a5 16. Qe2 Rc7 17. Bb5 Rxc2 18. Qxc2 Qxb5 19. g4 Bb3 20. Qc5
Ba2+ 21. Kc2 Qxb2+ 22. Kd3 Rd8+ 23. Ke4 Rxd1 24. Qc8+ Bf8 25. Rxd1 Bb1+ 26. Kd5
e6+ 0-1

[Event "Campeonato Brasileiro Amador 2015"]
[Site "Esporte Clube Pinheiros, São P"]
[Date "2015.05.01"]
[Round "3.53"]
[White "Dutra, Liliam Guedes"]
[Black "Almeida Junior, Alvaro Alves D"]
[Result "1/2-1/2"]
[WhiteElo "1623"]
[BlackElo "1906"]
[PlyCount "241"]
[EventDate "2015.04.30"]

1. d4 Nf6 2. c4 e5 3. d5 c6 4. Nc3 Bb4 5. Qc2 cxd5 6. cxd5 Nxd5 7. e4 Nxc3 8.
bxc3 Qc7 9. Bb2 O-O 10. Bd3 Be7 11. Nf3 d6 12. O-O Bg4 13. Nd2 Nd7 14. h3 Be6
15. Rac1 Rac8 16. a3 Nc5 17. Be2 f5 18. c4 Bg5 19. Bc3 Bxd2 20. Bxd2 Nxe4 21.
Be1 Qb6 22. Kh1 Qc6 23. f3 Nf6 24. Bf2 Nh5 25. Rfd1 Nf4 26. Bf1 Rf6 27. Qc3 Rh6
28. Be3 Nxh3 29. Bxh6 Nf2+ 30. Kh2 Nxd1 31. Rxd1 gxh6 32. Qe3 f4 33. Qxa7 Rd8
34. Qa5 b6 35. Qa7 Rd7 36. Qb8+ Kg7 37. Rb1 Rb7 38. Qd8 Qd7 39. Qa8 Ra7 40. Qb8
Rb7 41. Qa8 Qe7 42. Kg1 d5 43. cxd5 Bxd5 44. Qa6 Qc5+ 45. Kh2 e4 46. Rb5 Qc6
47. fxe4 Bxe4 48. Rb4 Qg6 49. Qc4 Qg3+ 50. Kg1 Qe3+ 51. Kh2 Re7 52. Qd4+ Qxd4
53. Rxd4 Kf6 54. Rb4 Re6 55. Be2 Ke5 56. Bf3 Bxf3 57. gxf3 Rd6 58. Rb5+ Kd4 59.
Kg2 Rc6 60. Rb4+ Ke5 61. Kh3 Rg6 62. Rb5+ Kd4 63. Rb4+ Ke3 64. Rb3+ Kf2 65. Kh4
Rg3 66. Rxb6 Rxf3 67. Rb4 Ke3 68. Rb3+ Ke4 69. Rb4+ Kf5 70. Rb5+ Kg6 71. a4 Rg3
72. Rb6+ Kf5 73. Rb5+ Ke4 74. Rb4+ Kf3 75. a5 Rg4+ 76. Kh3 Rg5 77. Rb3+ Ke2 78.
a6 f3 79. Rb2+ Ke1 80. a7 Rg8 81. Rb1+ Ke2 82. Rb2+ Kd3 83. Rb3+ Ke2 84. Rb2+
Ke3 85. Rb3+ Kf4 86. Rb4+ Ke5 87. Rb2 Ra8 88. Rf2 Kf4 89. Ra2 Ke4 90. Ra4+ Kd3
91. Kg3 Ke2 92. Ra2+ Ke3 93. Ra3+ Ke2 94. Rxf3 Rxa7 95. Rf6 Rg7+ 96. Kf4 Rg6
97. Rf7 Kf2 98. Rxh7 Kg2 99. Kf5 Ra6 100. Rg7+ Kh3 101. Rg6 Ra5+ 102. Kf4 h5
103. Rh6 h4 104. Rg6 Ra4+ 105. Kf3 Ra8 106. Rf6 Ra1 107. Ke2 Kg2 108. Rg6+ Kh2
109. Kf2 h3 110. Rg5 Kh1 111. Kf3 Rf1+ 112. Ke2 Rf8 113. Ke1 h2 114. Ke2 Ra8
115. Kf1 Ra1+ 116. Kf2 Rg1 117. Rd5 Rg2+ 118. Kf1 Rg8 119. Rf5 Rg1+ 120. Kf2
Rg2+ 121. Kf1 1/2-1/2

[Event "Campeonato Brasileiro Amador 2015"]
[Site "Esporte Clube Pinheiros, São P"]
[Date "2015.05.01"]
[Round "3.54"]
[White "Silva, Alexandre Freitas So"]
[Black "Crul, Otavio Augusto Barro"]
[Result "1/2-1/2"]
[WhiteElo "1903"]
[BlackElo "1623"]
[PlyCount "70"]
[EventDate "2015.04.30"]

1. e4 e5 2. Nf3 Nc6 3. Bb5 Nf6 4. d3 Bc5 5. O-O d6 6. c3 O-O 7. h3 h6 8. d4 Bb6
9. Bxc6 bxc6 10. dxe5 Nxe4 11. Nbd2 d5 12. Qa4 Nc5 13. Qc2 Ba6 14. c4 dxc4 15.
Nxc4 Qd3 16. Qxd3 Nxd3 17. Nxb6 cxb6 18. Rd1 Rfe8 19. Be3 Nxe5 20. Nxe5 Rxe5
21. Rd7 Rd5 22. Rc7 c5 23. a4 c4 24. Kh2 Rdd8 25. a5 Rd6 26. Kg3 Kf8 27. axb6
axb6 28. Rxc4 Rg6+ 29. Kh2 Bxc4 30. Rxa8+ Ke7 31. Ra7+ Kd8 32. Rb7 b5 33. g3
Rd6 34. g4 Rd1 35. Ra7 Rd7 1/2-1/2

[Event "Campeonato Brasileiro Amador 2015"]
[Site "Esporte Clube Pinheiros, São P"]
[Date "2015.05.01"]
[Round "3.55"]
[White "Pereira, Jorge Luiz Rodrigues"]
[Black "Lopes, Edson"]
[Result "1-0"]
[WhiteElo "1875"]
[BlackElo "1612"]
[PlyCount "91"]
[EventDate "2015.04.30"]

1. d4 d5 2. c4 e6 3. Nf3 Nc6 4. e3 Nf6 5. Nc3 Bb4 6. Qc2 h6 7. Bd3 dxc4 8. Bxc4
Nd5 9. O-O Nxc3 10. bxc3 Bd6 11. e4 O-O 12. e5 Be7 13. Qe4 h5 14. Bd3 g6 15.
Bh6 Re8 16. Qf4 Bf8 17. Bxf8 Rxf8 18. Qh6 Qe7 19. Ng5 f6 20. Qxg6+ Qg7 21. Qh7+
Qxh7 22. Nxh7 f5 23. Nxf8 Kxf8 24. Rab1 b6 25. Be2 h4 26. Bf3 Bb7 27. Rfd1 Na5
28. Bxb7 Nxb7 29. c4 Na5 30. Rbc1 c6 31. d5 Rd8 32. d6 c5 33. Rd3 Kf7 34. Rh3
Rh8 35. g3 Nc6 36. f4 Nd4 37. Kg2 Kg7 38. Rxh4 Rxh4 39. gxh4 Nc6 40. Kf2 Nd8
41. Rg1+ Kh7 42. h5 a6 43. Rb1 Kh6 44. Rxb6 Kxh5 45. Rxa6 Kg4 46. Ke3 1-0

[Event "Campeonato Brasileiro Amador 2015"]
[Site "Esporte Clube Pinheiros, São P"]
[Date "2015.05.01"]
[Round "3.56"]
[White "Meirelles, Olyntho Vitoria"]
[Black "Vescovi, Katherine Lemos"]
[Result "0-1"]
[WhiteElo "1585"]
[BlackElo "1865"]
[PlyCount "76"]
[EventDate "2015.04.30"]

1. e4 c5 2. c3 Nc6 3. Nf3 e6 4. d4 cxd4 5. cxd4 d5 6. e5 Nge7 7. Bg5 Qa5+ 8.
Nc3 Nf5 9. a3 h6 10. Be3 Be7 11. Bd3 O-O 12. Bxf5 exf5 13. O-O Be6 14. Rc1 Rac8
15. Kh1 a6 16. Ng1 Qb6 17. Rc2 f6 18. f4 fxe5 19. fxe5 Nxe5 20. Bxh6 gxh6 21.
dxe5 d4 22. Nb1 Bb3 23. Rxc8 Bxd1 24. Rxf8+ Bxf8 25. Rxd1 Qxb2 26. h3 Qc2 27.
Rf1 b5 28. Nf3 Bc5 29. Nfd2 Kf7 30. g4 Ke6 31. gxf5+ Kxe5 32. f6 d3 33. f7 Bf8
34. Nf3+ Kd6 35. Nd4 Qc5 36. Rf6+ Ke7 37. Rf4 Qc1+ 38. Kh2 Qxf4+ 0-1

[Event "Campeonato Brasileiro Amador 2015"]
[Site "Esporte Clube Pinheiros, São P"]
[Date "2015.05.01"]
[Round "3.57"]
[White "Silvestre Da Silva, Sidnei"]
[Black "De Borba, Guilherme"]
[Result "0-1"]
[WhiteElo "1542"]
[BlackElo "1863"]
[PlyCount "44"]
[EventDate "2015.04.30"]

1. d4 Nf6 2. Bf4 c5 3. c3 Qb6 4. Qb3 cxd4 5. Qxb6 axb6 6. cxd4 Nc6 7. e3 Nb4 8.
Na3 Rxa3 9. bxa3 Nc2+ 10. Kd1 Nxa1 11. Bb5 Ne4 12. Kc1 Nxf2 13. Nf3 Nxh1 14.
Bc7 Nf2 15. Bxb6 e6 16. Kb2 Bxa3+ 17. Kxa1 Ne4 18. Ba5 Bc1 19. Bd3 f5 20. Bxe4
fxe4 21. Nd2 Bxd2 22. Bxd2 Rf8 0-1

[Event "Campeonato Brasileiro Amador 2015"]
[Site "Esporte Clube Pinheiros, São P"]
[Date "2015.05.01"]
[Round "3.58"]
[White "Pedroso, Andre Lucio"]
[Black "Camargo, Luca Oshiro"]
[Result "1-0"]
[WhiteElo "1850"]
[BlackElo "1467"]
[PlyCount "61"]
[EventDate "2015.04.30"]

1. e4 c5 2. Nf3 a6 3. d4 cxd4 4. Nxd4 Nf6 5. Nc3 e5 6. Nb3 Bb4 7. f3 Nc6 8. Bg5
O-O 9. Qd3 h6 10. Bh4 a5 11. O-O-O a4 12. Nd2 Bxc3 13. Qxc3 a3 14. b3 d6 15.
Nc4 Nd4 16. Bf2 b5 17. Nd2 Qb6 18. Bxd4 exd4 19. Qb4 Bd7 20. Nb1 Rfc8 21. Rxd4
Qc5 22. Qxc5 dxc5 23. Rd6 b4 24. e5 Be6 25. exf6 gxf6 26. Nd2 Rc7 27. Bc4 Bxc4
28. Nxc4 Kg7 29. Rhd1 Re8 30. R6d2 Rce7 31. Nd6 1-0

[Event "Campeonato Brasileiro Amador 2015"]
[Site "Esporte Clube Pinheiros, São P"]
[Date "2015.05.01"]
[Round "3.59"]
[White "Alves, Sidney David"]
[Black "Casarin, Luis Marcio Pinhatti"]
[Result "0-1"]
[WhiteElo "1495"]
[BlackElo "1848"]
[PlyCount "134"]
[EventDate "2015.04.30"]

1. d4 Nf6 2. c4 e6 3. g3 c5 4. d5 exd5 5. cxd5 d6 6. Bg2 g6 7. Nc3 Bg7 8. Nf3
O-O 9. O-O Re8 10. h3 a6 11. a4 Nbd7 12. Nd2 Rb8 13. Nc4 Nb6 14. Nxb6 Qxb6 15.
a5 Qc7 16. Re1 Bd7 17. e4 b5 18. axb6 Qxb6 19. Na4 Qb4 20. Bd2 Bxa4 21. Rxa4
Qxb2 22. Rxa6 Ra8 23. Ra5 Rxa5 24. Bxa5 Ra8 25. Bd2 Ra2 26. Be3 Nd7 27. Qb1 c4
28. Qxb2 Bxb2 29. Bf4 Ne5 30. Bxe5 Bxe5 31. Bf1 c3 32. Bd3 Rd2 33. Bb1 c2 34.
Bxc2 Rxc2 35. Rd1 g5 36. Kf1 Kg7 37. Rd3 Rc4 38. Re3 h5 39. Kg2 Kg6 40. Kf3 Rc3
41. Rxc3 Bxc3 42. Ke3 Bb2 43. f3 f5 44. g4 f4+ 45. Kd3 hxg4 46. hxg4 Kf6 47.
Kc4 Ke7 48. Kb3 Bg7 49. Kc4 Kd7 50. Kb5 Kc7 51. Ka6 Bd4 52. Kb5 Kb7 53. Kc4 Bf6
54. Kb5 Ka7 55. Ka5 Bd8+ 56. Kb5 Kb7 57. Kc4 Ka6 58. Kb4 Ba5+ 59. Kc4 Kb6 60.
Kd4 Kb5 61. e5 dxe5+ 62. Kxe5 Kc4 63. d6 Kd3 64. Kf5 Bd8 65. Ke5 Ke3 66. Ke6
Kxf3 67. Kd7 Ba5 0-1

[Event "Campeonato Brasileiro Amador 2015"]
[Site "Esporte Clube Pinheiros, São P"]
[Date "2015.05.01"]
[Round "3.60"]
[White "Lukjanenko Callegari, Lucca"]
[Black "Togni, Everton Batista"]
[Result "0-1"]
[WhiteElo "1320"]
[BlackElo "1846"]
[PlyCount "26"]
[EventDate "2015.04.30"]

1. b3 Nf6 2. Bb2 g6 3. Bxf6 exf6 4. c4 d5 5. d4 Bb4+ 6. Nd2 dxc4 7. e3 c3 8.
Ngf3 Bg4 9. a3 cxd2+ 10. Ke2 Bc3 11. Rb1 Qd6 12. b4 Qc6 13. b5 Qc4# 0-1

[Event "Campeonato Brasileiro Amador 2015"]
[Site "Esporte Clube Pinheiros, São P"]
[Date "2015.05.01"]
[Round "3.72"]
[White "Nunes, Marcela Andreia Dias"]
[Black "Ueti, Silvio Shigueo"]
[Result "0-1"]
[WhiteElo "1497"]
[BlackElo "2075"]
[PlyCount "40"]
[EventDate "2015.04.30"]

1. d4 Nf6 2. c4 c5 3. d5 e6 4. Nc3 exd5 5. Nxd5 d6 6. Bf4 Nc6 7. e3 Nxd5 8.
cxd5 Qa5+ 9. Qd2 Nb4 10. Kd1 Be7 11. Rc1 Qa4+ 12. Ke2 Qxa2 13. e4 O-O 14. f3
Rd8 15. Kf2 Bf6 16. Rc4 Bxb2 17. Kg3 b5 18. Rxb4 cxb4 19. Qxb4 a5 20. Qxb5 Ba6
0-1

[Event "Campeonato Brasileiro Amador 2015"]
[Site "Esporte Clube Pinheiros, São P"]
[Date "2015.05.01"]
[Round "3.73"]
[White "Zmetek, Marcos Simao"]
[Black "Bonfim, Regina Rodrigues"]
[Result "0-1"]
[WhiteElo "1482"]
[BlackElo "2025"]
[PlyCount "70"]
[EventDate "2015.04.30"]

1. e4 c5 2. Nf3 d6 3. d4 cxd4 4. Nxd4 Nf6 5. Nc3 a6 6. Be2 e5 7. Nf5 Bxf5 8.
exf5 Nc6 9. Nd5 Be7 10. O-O Nd4 11. Bf3 Rb8 12. Be3 Nxf5 13. Re1 Nxe3 14. Rxe3
O-O 15. Rc3 Ne8 16. Qd3 f5 17. Bh5 g6 18. Nxe7+ Qxe7 19. Be2 Nf6 20. Rd1 d5 21.
h3 Rfd8 22. g4 f4 23. f3 Kg7 24. Qd2 h6 25. h4 g5 26. h5 e4 27. Qd4 Rbc8 28.
Kf1 Kh7 29. Rxc8 Rxc8 30. c3 Re8 31. Qb6 Qf7 32. Ke1 exf3 33. Kf2 fxe2 34. Re1
f3 35. Qd4 Ne4+ 0-1

[Event "Campeonato Brasileiro Amador 2015"]
[Site "Esporte Clube Pinheiros, São P"]
[Date "2015.05.01"]
[Round "3.74"]
[White "Castellar, Juarez Iorio"]
[Black "Costa, Francisco Carlos Da "]
[Result "0-1"]
[WhiteElo "1472"]
[BlackElo "2001"]
[PlyCount "66"]
[EventDate "2015.04.30"]

1. Nf3 d5 2. g3 Nf6 3. Bg2 b6 4. d3 Bb7 5. Nbd2 Nbd7 6. b3 e5 7. e4 c6 8. Bb2
Bd6 9. c4 d4 10. a3 a5 11. O-O O-O 12. Qe2 Re8 13. a4 Qc7 14. Rfc1 Nc5 15. Qd1
Nxd3 16. Rc2 Nxb2 17. Rxb2 Bb4 18. Rc2 Rad8 19. Ne1 d3 20. Rcc1 Qd6 21. Nef3
Bc8 22. h3 Bc5 23. Bf1 Bb4 24. Ne1 Bxd2 25. Qxd2 Nxe4 26. Qxd3 Qxd3 27. Nxd3
Nd2 28. Rc3 Nxf1 29. Kxf1 Bxh3+ 30. Ke2 c5 31. Nb2 e4 32. Ke3 Bg4 33. Rd1 Bxd1
0-1

[Event "Campeonato Brasileiro Amador 2015"]
[Site "Esporte Clube Pinheiros, São P"]
[Date "2015.05.01"]
[Round "3.75"]
[White "Primo E Silva, Beatriz"]
[Black "Ribeiro, Pablyto Robert Baioc"]
[Result "0-1"]
[WhiteElo "1467"]
[BlackElo "1955"]
[PlyCount "96"]
[EventDate "2015.04.30"]

1. d4 d5 2. c4 e6 3. Nc3 Nf6 4. e3 c6 5. Nf3 Nbd7 6. Bd3 h6 7. e4 dxe4 8. Nxe4
Be7 9. O-O O-O 10. Be3 Nxe4 11. Bxe4 Bf6 12. Qd3 Re8 13. c5 e5 14. d5 cxd5 15.
Qxd5 Be7 16. Bg6 Rf8 17. Bh5 Nxc5 18. Qxd8 Rxd8 19. Nxe5 Be6 20. Rfd1 Nd7 21.
Bxf7+ Bxf7 22. Nxd7 Be8 23. Ne5 Bf6 24. Bf4 Rac8 25. Rac1 Rxd1+ 26. Rxd1 Rc2
27. Rb1 Re2 28. Nd3 Bg6 29. Rd1 Bxd3 30. h3 Bb5 31. Bc1 Bxb2 32. Bxb2 Rxb2 33.
Rd8+ Kf7 34. a3 Bc6 35. Rd3 Rb1+ 36. Kh2 Rf1 37. Kg3 Rg1 38. f3 Re1 39. Kf2 Re5
40. g4 Ra5 41. Kg3 Rd5 42. Re3 Bb5 43. Rc3 Rd3 44. Rxd3 Bxd3 45. Kf4 Ke6 46.
Ke3 Bc2 47. Kd2 Bb1 48. a4 g5 0-1

[Event "Campeonato Brasileiro Amador 2015"]
[Site "Esporte Clube Pinheiros, São P"]
[Date "2015.05.01"]
[Round "3.77"]
[White "Andor, Jorge"]
[Black "Castro, Leonardo Nascimento"]
[Result "0-1"]
[WhiteElo "1761"]
[BlackElo "1550"]
[PlyCount "70"]
[EventDate "2015.04.30"]

1. b3 Nf6 2. Bb2 g6 3. Bxf6 exf6 4. c4 Bg7 5. Nc3 f5 6. Rc1 O-O 7. g3 Qf6 8.
Nd5 Qd6 9. Bg2 c6 10. c5 Qe5 11. f4 Qb2 12. Nc7 Qxa2 13. Nxa8 Qa5 14. Nf3 Na6
15. Qc2 b5 16. cxb6 axb6 17. O-O Nb4 18. Qb1 Qxa8 19. Rc4 c5 20. e4 Ba6 21.
exf5 d5 22. Ne5 Qd8 23. Rcc1 Bxf1 24. Rxf1 Re8 25. fxg6 hxg6 26. Nd3 Nxd3 27.
Qxd3 d4 28. f5 g5 29. Qc4 Bf6 30. Bd5 Qd7 31. Ra1 Re5 32. Ra8+ Kg7 33. Bg2 Qxf5
34. h3 Re1+ 35. Kh2 Be5 0-1